000 00472nam a2200109Ia 4500
008 160909s9999 xx 000 0 und d
100 _aOrey, Maureen
245 _aIt Worth It? The Career Benefits and Return on Investment of Volunteer Leadership as Perceived by Chapter Leaders in a Professional Talent Development Association
260 _bBrandman University.
_c2016
650 _aFINANCIAL MANAGEMENT
856 _uhttp://pqdtopen.proquest.com/doc/1810149522.html?FMT=ABS
999 _c304610
_d304610